000 00745cam a22002411a 4500
001 he 68000411
003 DLC
005 20260227111453.0
008 841212s1912 li 000 0 hebr
010 _ahe 68000411
035 _a(OCoLC)19199687
040 _aDLC
_cMH
_dAzU
_dDLC
042 _apremarc
050 0 0 _aBM504.2
_b.S46 1912
100 1 _aShapiro, Jacob Kahana.
245 1 0 _aSheʼelot u-teshuvot Neʼot Yaʻaḳov :
_bḥidushe halakhot u-veʼure sugyot / [me-et] Yaʻaḳov Kahana Shapira.
260 _aVilna :
_bBa-defus shel D. Tsiyonszohn,
_c672 [1912]
300 _a170 p. ;
_c34 cm.
630 0 0 _aTalmud
_vCommentaries.
650 0 _aResponsa
_y1800-1948.
740 0 _aNeʼot Yaʻaḳov.
752 _aLithuania
_dVilna
999 _c32911
_d32911